Normal view
MARC view
Entry Personal Name
001 - CONTROL NUMBER
- control field: 8990
003 - CONTROL NUMBER IDENTIFIER
- control field: OSt
005 - DATE AND TIME OF LATEST TRANSACTION
- control field: 20190827072229.0
008 - FIXED-LENGTH DATA ELEMENTS
- fixed length control field: 190827|| aca||aabn | a|a d
040 ## - CATALOGING SOURCE
- Original cataloging agency: OSt
- Transcribing agency: OSt
100 ## - HEADING--PERSONAL NAME
- Personal name: Kumar, D. Suresh
670 ## - SOURCE DATA FOUND
- Source citation: Work cat.: (OSt): Kumar, D. Suresh, Managing the water-energy nexus in agriculture: adoption of water management technologies , 2019
